| 000 | 00708nam a2200253Ia 4500 | ||
|---|---|---|---|
| 003 | OSt | ||
| 005 | 20220918222325.0 | ||
| 006 | a|||||r|||| 00| 0 | ||
| 007 | ta | ||
| 008 | 220917b |||||||| |||| 00| 0 eng d | ||
| 024 | _a216,397 | ||
| 037 | _cTextual | ||
| 040 |
_aARTS _cARTS _beng |
||
| 041 |
_2eng _aeng |
||
| 082 | _aQ4440aR6947, N5 | ||
| 100 |
_aYu-Kwan Ng _9142770 |
||
| 245 | 0 | _aTien-tai Buddhism and early madhyamika | |
| 260 |
_aDelhi _bSri Satguru pub. India _c1995 |
||
| 300 |
_axvii, 254p. _ccm. |
||
| 490 | _aBibliotheca Indo-Buddhica series no.; 163 | ||
| 650 | _aRELIGION | ||
| 942 |
_hQ4440aR6947, N5 _cTEXL _2CC |
||
| 999 |
_c275137 _d275137 |
||